Cơ sở khoa học xác định cơ cấu cây trồng
Enregistré dans:
| Auteur principal: | |
|---|---|
| Format: | Livre |
| Langue: | Undetermined |
| Publié: |
Hà Nội
Nông Nghiệp
1977
|
| Sujets: | |
| Tags: |
Ajouter un tag
Pas de tags, Soyez le premier à ajouter un tag!
|
| Thư viện lưu trữ: | Trung tâm Học liệu Trường Đại học Cần Thơ |
|---|
| LEADER | 00510nam a2200169Ia 4500 | ||
|---|---|---|---|
| 001 | CTU_12633 | ||
| 008 | 210402s9999 xx 000 0 und d | ||
| 082 | |a 631.58 | ||
| 082 | |b T502 | ||
| 100 | |a Đào Thế Tuấn | ||
| 245 | 0 | |a Cơ sở khoa học xác định cơ cấu cây trồng | |
| 245 | 0 | |c Đào Thế Tuấn | |
| 260 | |a Hà Nội | ||
| 260 | |b Nông Nghiệp | ||
| 260 | |c 1977 | ||
| 650 | |a crop science,plants | ||
| 980 | |a Trung tâm Học liệu Trường Đại học Cần Thơ | ||